000 00233nam a22001217a 4500
040 _cHS
082 _a636
100 _aNA
245 _aLa production de viande bovine
260 _aParis
_bNA
_c1987
300 _a175p;
942 _cFB
999 _c10304
_d10304